| 000 | 00603nam a2200181Ia 4500 | ||
|---|---|---|---|
| 003 | GCL | ||
| 008 | 140319s9999 xx 000 0 ara d | ||
| 040 |
_aGCL / _cGCL |
||
| 082 | 0 | 4 |
_aم _b713.1 _bع ن |
| 100 | 1 | _aعبدالله كنون الحسينى | |
| 245 | 1 | 0 |
_aنظرة فى منجد الاداب والعلوم / _cعبدالله كنون الحسينى |
| 260 |
_a[S.N] : _bمعهد البحوث والدراسات العربية ، _c1972 |
||
| 300 | _a178 ص | ||
| 650 | 0 | 4 | _aالادب العربى |
| 650 | 0 | 4 | _aاللغة العربية |
| 650 | 0 | 4 | _aالمعاجم |
| 942 |
_2ddc _cREF |
||
| 999 |
_c59450 _d59450 |
||